Loading...
Jeevithavijayathinte padapusthakam
| Hovedforfatter: | |
|---|---|
| Format: | Printed Book |
| Sprog: | English |
| Udgivet: |
Kottayam:
D C Books,
2014.
|
| LEADER | 00453nam a22001217a 4500 | ||
|---|---|---|---|
| 008 | 151120b xxu||||| |||| 00| 0 eng d | ||
| 100 | |a Alby,P.V. | ||
| 245 | |a Jeevithavijayathinte padapusthakam |c /Alby,P.V. | ||
| 260 | |a Kottayam: |b D C Books, |c 2014. | ||
| 300 | |b 175p. | ||
| 942 | |c BK | ||
| 999 | |c 233571 |d 233571 | ||
| 952 | |0 0 |1 0 |4 0 |6 926_000000000000000_2S_ALB_J |7 0 |9 258926 |a MAL |b MAL |c ST1 |d 2015-11-20 |g 120.00 |l 1 |o 926.2S ALB/J |p MAL36716 |r 2017-03-10 |s 2017-03-07 |w 2015-11-20 |y BK | ||